000 00468nam a2200181Ia 4500
001 20360
005 20260306172800.0
008 260306t2014||||xx |||||||||||||| ||spa||
041 _aESP
082 _a343.2
_bM86
100 _aMoreso, José Juan
_eAUT
245 0 _aLa indeterminación del derecho y la interpretación de la constitución
260 _c2014
300 _a286 páginas :
_c24 cm.
650 _aGEN
654 _aCDE
942 _cLIB
_dJUS
_fJUS
_2ddc
_n
999 _c20360
_d20360